Football Teams Diogo Jota Played For - Statistics

General Stats
  • This quiz has been taken 88 times
  • The average score is 5 of 6
Answer Stats
From To Appearances Goals Answer % Correct
2020 123 47 Liverpool
99%
2016 2017 27 8 Porto
90%
2017 2018 44 17 Wolverhampton Wanderers
89%
2018 2020 67 16 Wolverhampton Wanderers
89%
2016 2018 0 0 Atlético Madrid
56%
2014 2016 41 14 Paços de Ferreira
33%
No matching quizzes found
Score Distribution
Percent of People with Each Score
Percentile by Number Answered
Your Score History
You have not taken this quiz